| 000 | 00669nam a2200229 i 4500 | ||
|---|---|---|---|
| 001 | bg | ||
| 100 | 1 | _aWOŁKOWSKI, Stanisław | |
| 245 | 1 | 0 |
_aTechnologia druku wypukłego / _cStanisław Wołkowski, Władysław Wołek, Stanisław Obtułowicz. |
| 250 | _aWyd. 2. | ||
| 260 |
_aWarszawa : _bWydawnictwa Naukowo-Techniczne, _c1971. |
||
| 300 |
_a489, [1] s. : _bil. ; _c21 cm. |
||
| 504 | _aBibliogr. - Indeks. | ||
| 650 | 9 | _aDrukarstwo | |
| 655 | _aPodręczniki | ||
| 700 | 1 | _aWOŁEK, Władysław | |
| 700 | 1 | _aOBTUŁOWICZ, Stanisław | |
| 040 | _cBPK | ||
| 041 | 0 | _apol | |
| 080 | _a655.1/.3(07) | ||
| 942 | _cKS | ||
| 008 | s pl f |000 0 pol | ||
| 999 |
_c46607 _d46607 |
||
| 856 |
_uhttp://koha.tu.koszalin.pl/cgi-bin/koha/opac-detail.pl?biblionumber=46607 _yKatalog online BPK |
||